À quel genre littéraire appartient ce livre ? #1 - Statistiques

Statistiques générales
  • Ce quiz a été pris 38 fois
  • Le résultat moyen est 45 sur 100
Statistiques - réponses
Hint Réponse % Correct
La Belle au bois dormant, Charles Perrault Conte
76%
Les Trois Petits Cochons Conte
76%
Le Lièvre et la Tortue, Ésope Fable
76%
La Cigale et la Fourmi, Jean de la Fontaine Fable
73%
Blanche-Neige, frères Grimm Conte
70%
Le Petit Chaperon rouge, Charles Perrault Conte
70%
Boucle d’or et les Trois Ours, frères Grimm Conte
70%
Aladin Conte
70%
L'Iliade, Homère Épopée
70%
Traité sur la Tolérance, Voltaire Essai
70%
Le Corbeau et le Renard, Jean de la Fontaine Fable
70%
Le Chêne et le Roseau, Jean de la Fontaine Fable
70%
La Grenouille qui se veut faire aussi grosse que le bœuf, Jean de la Fontaine Fable
70%
Le Hobbit, J. R. R. Tolkien Roman de fantasy
70%
Le Seigneur des Anneaux, J. R. R. Tolkien Roman de fantasy
70%
Harry Potter, J. K. Rowling Roman de fantasy
70%
Le Lion et le Rat, Jean de la Fontaine Fable
67%
Le Monde de Narnia, C. S. Lewis Roman de fantasy
67%
Ma bohême, Arthur Rimbaud Sonnet
67%
La Petite Sirène, Hans Christian Andersen Conte
64%
L'Odyssée, Homère Épopée
64%
L'existentialisme est un humanisme, Jean-Paul Sartre Essai
64%
Le Capital, Karl Marx Essai
64%
Notre-Dame de Paris, Victor Hugo Roman historique
64%
Voyelles, Arthur Rimbaud Sonnet
64%
Cent mille milliards de poèmes, Raymond Queneau Sonnet
64%
Peau d’Âne, Charles Perrault Conte
61%
Essais, Montaigne Essai
61%
Le Rat des Champs et le Rat de ville, Ésope Fable
61%
Mémoires d’une jeune fille rangée, Simone de Beauvoir Roman autobiographique
61%
Le dormeur du val, Arthur Rimbaud Sonnet
61%
Du contrat social, Jean-Jacques Rousseau Essai
58%
Le Loup et le Chien, Ésope Fable
58%
Percy Jackson, Rick Riordan Roman de fantasy
58%
Les Musiciens de Brême, frères Grimm Conte
55%
L'Énéide, Virgile Épopée
55%
La Désobéissance civile, Henry David Thoreau Essai
55%
Le Loup et l'Agneau, Marie de France Fable
55%
À une passante, Charles Baudelaire Sonnet
55%
Quand vous serez bien vieille, Pierre de Ronsard Sonnet
55%
Heureux qui, comme Ulysse..., Joachim du Bellay Sonnet
55%
Pan est mort, Guillaume Apollinaire Sonnet
55%
Le Deuxième Sexe, Simone de Beauvoir Essai
52%
La Poule aux œufs d'or, Ésope Fable
52%
La Gloire de mon père, Marcel Pagnol Roman autobiographique
52%
La Guerre des Clans, Erin Hunter Roman de fantasy
52%
Arthur et les Minimoys, Luc Besson et Céline Garcia Roman de fantasy
52%
Les Lettres persanes, Montesquieu Roman épistolaire
52%
Les Trois Mousquetaires, Alexandre Dumas Roman historique
52%
Le Comte de Monte-Cristo, Alexandre Dumas Roman historique
48%
Guerre et Paix, Léon Tolstoï Roman historique
48%
Tristesse, Alfred de Musset Sonnet
48%
Le Horla, Guy de Maupassant Nouvelle
45%
Le Sorceleur, Andrzej Sapkowski Roman de fantasy
45%
Les Liaisons dangereuses, Pierre Choderlos de Laclos Roman épistolaire
45%
Le Dernier des Mohicans, James Fenimore Cooper Roman historique
45%
Perceval ou le Conte du Graal, Chrétien de Troyes Épopée
42%
Mémoires d’outre-tombe, François-René de Chateaubriand Roman autobiographique
42%
L’Amant, Marguerite Duras Roman autobiographique
42%
L’Assassin royal, Robin Hobb Roman de fantasy
42%
La Chanson de Roland Épopée
39%
Salammbô, Gustave Flaubert Roman historique
39%
Boule de Suif, Guy de Maupassant Nouvelle
36%
Les Confessions, Jean-Jacques Rousseau Roman autobiographique
36%
La Place, Annie Ernaux Roman autobiographique
36%
Vipère au poing, Hervé Bazin Roman autobiographique
36%
La Promesse de l’aube, Romain Gary Roman autobiographique
36%
Le Bon Gros Géant, Roald Dahl Roman de fantasy
36%
Les Rois maudits, Maurice Druon Roman historique
36%
La Princesse de Clèves, madame de La Fayette Roman historique
36%
Pierre Lapin, Beatrix Potter Conte
33%
Sido, Colette Roman autobiographique
33%
Si c’est un homme, Primo Levi Roman autobiographique
33%
Mémoires d’Hadrien, Marguerite Yourcenar Roman historique
33%
La Divine Comédie, Dante Épopée
30%
Lancelot ou le Chevalier de la charrette, Chrétien de Troyes Épopée
30%
La Mort de l'auteur, Roland Barthes Essai
30%
Le Mythe de Sisyphe, Albert Camus Essai
27%
Mademoiselle de Maupin, Théophile Gautier Roman épistolaire
27%
La chevelure, Stéphane Mallarmé Sonnet
24%
Tropismes, Nathalie Sarraute Essai
21%
Carmen, Prosper Mérimée Nouvelle
21%
La Métamorphose, Franz Kafka Nouvelle
21%
Le Miroir déformant, Anton Tchekhov Nouvelle
21%
La Locataire de Wildfell Hall, Anne Brontë Roman épistolaire
21%
Les Neiges du Kilimandjaro, Ernest Hemingway Nouvelle
18%
Le Joueur d'échecs, Stefan Zweig Nouvelle
18%
Ivanhoé, Walter Scott Roman historique
18%
L'Appel de Cthulhu, H. P. Lovecraft Nouvelle
15%
Julie ou la Nouvelle Héloïse, Jean-Jacques Rousseau Roman épistolaire
15%
La Vie de Marianne, Marivaux Roman épistolaire
15%
Les Souffrances du jeune Werther, Johann Wolfgang von Goethe Roman épistolaire
12%
La Légende des siècles, Victor Hugo Épopée
9%
Le Paradis perdu, John Milton Épopée
9%
Beowulf Épopée
9%
La Chèvre de monsieur Seguin, Alphonse Daudet Nouvelle
9%
Minority Report, Philip K. Dick Nouvelle
3%
Dracula, Bram Stoker Roman épistolaire
3%
Les Pauvres Gens, Fiodor Dostoïevski Roman épistolaire
3%
Frankenstein ou le Prométhée moderne, Mary Shelley Roman épistolaire
0%
Aucun quiz correspondant
Distribution des résultats
% des personnes avec chaque résultat
Percentile par nombre de réponses
Votre historique - résultats
Vous n’avez pas pris ce quiz